Loading...
| Beliefs | 2 | 15.00 | 200% | 0% | 200% |
| British and Commonwealth History | 1 | 20.00 | 0% | 200% | 200% |
| History - American | 1 | 20.00 | 0% | 200% | 200% |
| History - European | 1 | 10.00 | 0% | 200% | 0% |
| History - World | 1 | 10.00 | 0% | 0% | 200% |
| Literature - American | 1 | 0.00 | 0% | 0% | 0% |
| Literature - British | 1 | 10.00 | 0% | 200% | 0% |
| Other Science: Astronomy | 1 | 20.00 | 400% | 200% | 0% |
| Philosophy | 1 | 20.00 | 400% | 0% | 200% |
| Science - Biology | 1 | 20.00 | 400% | 200% | 0% |
| Science - Chemistry | 1 | 10.00 | 0% | 0% | 200% |
| Science - Physics | 1 | 10.00 | 400% | 0% | 0% |
| Social Science | 1 | 20.00 | 0% | 200% | 200% |
| World and Other Literature | 1 | 20.00 | 400% | 0% | 200% |